L'outre-mer français : 11 - Wallis et Futuna - Statistiques

Statistiques générales
  • Ce quiz a été pris 162 fois
  • Le résultat moyen est 10 sur 18
Statistiques - réponses
Hint Réponse % Correct
Océan dans lequel est situé le territoire de Wallis et Futuna Pacifique
98%
Monnaie Franc pacifique
95%
Territoire français le plus proche (1871 km) Nouvelle Calédonie
85%
Sport dont plusieurs natifs de Wallis et Futuna ont intégré l'équipe de France Rugby
81%
Nationalité du capitaine Wallis, qui, en 1766, a découvert et nommé l'île Anglais
78%
Capitale Mata Utu
69%
Nation la plus proche (270 km) Tonga
65%
Le territoire n'est pas divisé en communes mais en trois ... Royaumes
59%
Nation qui implanta 2000 soldats à Wallis en 1942 et y construisit de nombreuses infrastructures Etats-Unis
57%
Nature (géologique) de ces îles Volcans
53%
Etendue d'eau peu profonde qui entoure Wallis Lagon
49%
Le territoire compte environ 12 000 habitants. Mais on trouve 17 000 wallisiens et futuniens dans cette ville Nouméa
49%
Regroupement ethno-historique auquel est rattaché le territoire Polynésie
48%
Structure naturelle bioconstruite qui entoure les îles de Wallis et de Futuna Récif corallien
45%
Nationalité des découvreurs de Futuna, en 1616 Néerlandais
30%
Matériau provenant de certains mollusques et donnant lieu à un artisanat local Nacre
20%
Métier du Français qui s'est installé dans le territoire en 1837 et qui finit par demander le protectorat de l'Etat après y avoir installé un pouvoir autocratique Missionnaire
16%
Seul type de mammifère autochtone Chauve-souris
15%
Aucun quiz correspondant
Distribution des résultats
% des personnes avec chaque résultat
Percentile par nombre de réponses
Votre historique - résultats
Vous n’avez pas pris ce quiz